000 00620nam a2200193 4500
001 86416
003 BD-RjUL
005 20260503133552.0
008 260503s1970 pk ||||| |||| 00| 0 urd d
035 _a(BD-RjUL)86416
040 _aBD-RjUL
_beng
_cBD-RjUL
082 _223
_a491.439143
_bANU 1970
100 _aانوار الحق، سید ;; Anwarul Haq, Syed
_918306
245 _a‏اردو پشتو لغات /‏ / Urdū Pashto lughāt /
_cسید انوار الحق ;; Syed Anwarul Haq
260 _aLahore :
_bMarkaji urdu board,
_c1970
300 _aV. ;
_c22 cm
505 _tVol. 1. ا-ڈ
942 _2ddc
_cREF
999 _c86416
_d86416